Female members of the Kardashians - Statistics

General Stats
  • This quiz has been taken 587 times
  • The average score is 6 of 6
Answer Stats
Answer % Correct
Kim Kardashian
100%
Khloe Kardashian
98%
Kendall Jenner
97%
Kourtney Kardashian
97%
Kris Jenner
97%
Kylie Jenner
97%
No matching quizzes found
Score Distribution
Percent of People with Each Score
Percentile by Number Answered
Your Score History
You have not taken this quiz